LEADER 01381nam a2200313 u 4500 001 000000079774 003 CaOOAMICUS 005 20120426114600.0 008 040614s2001 fr u000 u fre u 035 $a10999239 040 $aPUL$bita 100 1 $aBossuet, Jacques Bénigne,$cvesc. di Meaux,$d1627-1704.$0(OLS)http://pul/name/2329 240 10$aOpere$9(Bossuet, Jacques Bénigne, vesc. di Meaux, 1627-1704).$0(OLS)http://pul/title/104488 245 10$aOeuvres /$cBossuet ; textes établis par l'Abbé Velat et Yvonne Champailler. 246 38$aOraisons funebres. Panègyriques 260 $aParis :$bGallimard,$cstampa2001. 300 $axxxv, 1573 p. ;$c17 cm 490 1 $aBibliothèque de la Pléiade 500 $aContiene indici. 504 $aBibliografia in nota. 700 1 $aChampailler, Yvonne.$0(OLS)http://pul/name/53147 700 1 $aVelat, Bernard.$0(OLS)http://pul/name/26214 830 0$aBibliothèque de la Pléiade.$0(OLS)http://pul/title/15042 850 $aPUL 852 $aPUL$W1$xSL Cons. Gen., Altre Classi 3$y75$m843. 4 BOUJA 1$j102011$nBK-PRI$qDDC 21$B102011$CPULBib$Z2$F102011 $H93499 $82 941 1 $a8 996 $6246$aOraisons funebres. Panègyriques$9(OLS)http://pul/title/104490 996 $6245$aOeuvres$9(OLS)http://pul/title/6880 996 $6260$aParis :$bGallimard$9(OLS)http://pul/publisher/48435 LEADER 00976nam a2200253 u 4500 001 000000081781 003 CaOOAMICUS 005 20070226123807.0 008 050331s1934 it u000 u ita u 035 $a11036640 040 $aPUL(R)$bita 245 00$aAnomalie biologiche e ghiandole endocrine. 250 $a3. ed. 260 $aRoma :$bAnonima Romana Editoriale,$c1934. 300 $a31 p. ;$c17 cm 490 1 $aBiblioteca dei Curiosi ;$v27 650 4$aSessuologia.$0(OLS)http://pul/subject/1695 650 4$aPsicopatie.$0(OLS)http://pul/subject/20372 830 0$aBiblioteca dei Curiosi (Edoardo Tinto) ;$v27.$0(OLS)http://pul/title/106908 850 $aPUL 852 $aPUL$W1$xDP1 Fondo Cecchetti$y53$m260 S 69$j104271$nBK-PRI$b $qFondi$B104271$CPULBib$Z2$F104271 $82 941 1 $a1 996 $6245$aAnomalie biologiche e ghiandole endocrine$9(OLS)http://pul/title/106912 996 $6260$aRoma :$bAnonima Romana Editoriale$9(OLS)http://pul/publisher/55168